Les Aventures de Tintin - Tintin en Amérique - Statistiques

Statistiques générales
  • Ce quiz a été pris 609 fois
  • Le résultat moyen est 13 sur 18
Statistiques - réponses
Question Réponse % Correct
Quel personnage réel apparaît dans cette aventure ? Al Capone
96%
Comment s'appelle le gangster qui veut enrôler Tintin ? Bobby Smiles
90%
Que découvre Tintin, en creusant sous terre ? Un puits de pétrole
90%
En quoi Tintin a-t-il failli être transformé en visitant l'usine Slift ? En corned-beef
84%
Les gangsters attrapent ensuite Tintin. Comment tentent-ils de l'assassiner ? En l'attachant aux rails d'un chemin de fer
82%
Comment Tintin s'échappe du taxi dans lequel il se trouve enfermé ? En sciant la portière
81%
Quelle arme possède l'homme qui avait fait enlever Milou ? Une canne-épée
75%
Dans quelle ville commence cette aventure ? Chicago
74%
Alors qu'il est attaché à un poteau, que jette Tintin sur le chef pour échapper à sa mise à mort ? Des boules de résine
74%
En quoi sont faites les haltères de Monsieur Hippolyte Bolivar, haltérophile ? En bois
73%
Où Milou est-il détenu ? Dans un château fort
72%
Pendant quelle grande période historique se déroule cette histoire ? La Grande Dépression
70%
Quel est le nom du chef de cette tribu ? Taupe-au-regard-perçant
67%
Lors de sa fuite, dans quelle ville se cache ce gangster ? Redskincity
64%
Quel est le nom de la tribu indienne qui capture Tintin ? Les Pieds-Noirs
55%
Tintin est ensuite condamné à la pendaison. Il est accusé d'avoir... braqué une banque
54%
Comment se nomme le détective privé qui propose de retrouver Milou ? Mike MacAdam
48%
Selon le communiqué final, combien d'arrestations ont pu être opérées grâce à Tintin ? 355
40%
Aucun quiz correspondant
Distribution des résultats
% des personnes avec chaque résultat
Percentile par nombre de réponses
Votre historique - résultats
Vous n’avez pas pris ce quiz